लोकतन्त्र अघिको महाभारत (Record no. 88805)
[ view plain ]
| 000 -LEADER | |
|---|---|
| fixed length control field | 00567nam a22001937a 4500 |
| 008 - FIXED-LENGTH DATA ELEMENTS--GENERAL INFORMATION | |
| fixed length control field | 191226b xxu||||| |||| 00| 0 eng d |
| 020 ## - INTERNATIONAL STANDARD BOOK NUMBER | |
| International Standard Book Number | 9789937205818 |
| 041 ## - LANGUAGE CODE | |
| Language code of text/sound track or separate title | Nep. |
| 082 ## - DEWEY DECIMAL CLASSIFICATION NUMBER | |
| Classification number | N320.9/G6331 |
| 100 ## - MAIN ENTRY--PERSONAL NAME | |
| Personal name | Ghimire, Sri Prasad Upadhyaya(Aasa) |
| 241 ## - ROMANIZED TITLE (BK AM CF MP MU VM) | |
| Romanized title | Loktantra aaghika mahabhaarat |
| 245 ## - TITLE STATEMENT | |
| Title | लोकतन्त्र अघिको महाभारत |
| 260 ## - PUBLICATION, DISTRIBUTION, ETC. | |
| Place of publication, distribution, etc. | Kathmandu: |
| Name of publisher, distributor, etc. | Uma Ghimire Aacharya, |
| Date of publication, distribution, etc. | 2065.B.S. |
| 300 ## - PHYSICAL DESCRIPTION | |
| Extent | 281p. |
| 504 ## - BIBLIOGRAPHY, ETC. NOTE | |
| Bibliography, etc. note | Includes index |
| 650 ## - SUBJECT ADDED ENTRY--TOPICAL TERM | |
| Topical term or geographic name entry element | Political science |
| 650 ## - SUBJECT ADDED ENTRY--TOPICAL TERM | |
| Topical term or geographic name entry element | Movement |
| 942 ## - ADDED ENTRY ELEMENTS (KOHA) | |
| Source of classification or shelving scheme | Dewey Decimal Classification |
| Koha item type | ISBN |
| Withdrawn status | Lost status | Source of classification or shelving scheme | Damaged status | Not for loan | Home library | Current library | Date acquired | Total Checkouts | Full call number | Barcode | Date last seen | Price effective from | Koha item type |
|---|---|---|---|---|---|---|---|---|---|---|---|---|---|
| Dewey Decimal Classification | Tribhuvan University Central Library | Tribhuvan University Central Library | 12/26/2019 | N320/G6331 | IS12404 | 12/26/2019 | 12/26/2019 | ISBN |
